000 01848nam a2200385 a 4500
001 ebr10430441
003 CaPaEBR
006 m u
007 cr cn|||||||||
008 081021s2009 txua sb 001 0 eng
010 _z 2008043887
020 _z9781593322946 (alk. paper)
020 _z1593322941 (alk. paper)
040 _aCaPaEBR
_cCaPaEBR
035 _a(OCoLC)535764915
043 _an-us---
050 1 4 _aHQ1031
_b.M67 2009eb
082 0 4 _a306.84/60869120973
_222
100 1 _aMorgan, Charlie V.,
_d1972-
245 1 0 _aIntermarriage across race and ethnicity among immigrants
_h[electronic resource] :
_bE pluribus unions /
_cCharlie V. Morgan.
260 _aEl Paso :
_bLFB Scholarly Pub.,
_c2009.
300 _avii, 228 p. :
_bill.
490 1 _aThe new Americans
504 _aIncludes bibliographical references (p. 217-223) and index.
505 0 _aIntroduction -- History and theory -- Conceptualization and methodology -- Deconstructing intermarriage in the United States -- Mixed relationships among children of immigrants in southern California -- Clarifying race and ethnicity in mixed relationships -- Gender and informality in mixed relationships -- Summary and conclusions.
533 _aElectronic reproduction.
_bPalo Alto, Calif. :
_cebrary,
_d2013.
_nAvailable via World Wide Web.
_nAccess may be limited to ebrary affiliated libraries.
650 0 _aIntermarriage
_zUnited States.
650 0 _aInterethnic marriage
_zUnited States.
650 0 _aInterracial marriage
_zUnited States.
650 0 _aImmigrants
_zUnited States.
655 7 _aElectronic books.
_2local
710 2 _aebrary, Inc.
830 0 _aNew Americans (LFB Scholarly Publishing LLC)
856 4 0 _uhttp://site.ebrary.com/lib/rucke/Doc?id=10430441
_zAn electronic book accessible through the World Wide Web; click to view
999 _c145287
_d145287